Informe de labores: primera legislatura 1 de mayo 2002- 30 de abril 2003

محفوظ في:
التفاصيل البيبلوغرافية
المؤلف الرئيسي: Laclé Castro, Rolando
مؤلف مشترك: Costa Rica. Asamblea Legislativa
التنسيق: نص
منشور في: s. n.
الوسوم: إضافة وسم
لا توجد وسوم, كن أول من يضع وسما على هذه التسجيلة!

MARC

LEADER 00000 a a2200000 04500
001 31340
003
040
090 |a 197000  
100 |a Laclé Castro, Rolando  
110 |a Costa Rica. Asamblea Legislativa  
245 |a Informe de labores: primera legislatura 1 de mayo 2002- 30 de abril 2003  
260 |a s. n.  
300 |a 21 p.   |b il.  
999 |c 6062  |d 6062